Statistics for Countries that Beat Belgium

Click here to take the quiz!

General Stats

  • This quiz has been taken 1,938 times
    (1,169 since last reset)
  • The average score is 14 of 20

Answer Stats

RankCategoryAnswer% Correct
9Most visited by US presidentsFrance | United Kingdom | Canada | Mexico | Germany | Italy | Japan | Vatican City
98%
5Most important exports towards the United KingdomGermany | China| United States | Netherlands | France
95%
3Closest to the United KingdomIreland | France
95%
2Biggest land area among Benelux countriesNetherlands
95%
8Most French speakers (except France)D.R. Congo | Ivory Coast | Canada | Morocco | Cameroon | Tunisia
91%
5Most guessed in the 'Three Band Flags of Europe' quizFrance | Italy | Germany | Ireland
85%
3That visits France the mostGermany | United Kingdom
84%
3Longest border shared with FranceBrazil | Spain
81%
4Most important imports from FranceGermany | China | Italy
78%
2Smallest EU founding member (by area)Luxembourg
77%
2Westernmost european country with no atlantic coastAndorra
71%
3Largest food industry companies by revenueSwitzerland | United States
71%
8Most official languagesBolivia | Zimbabwe | South Africa | Singapore | Papua New Guinea | Rwanda | Switzerland
67%
3Best-selling comic seriesJapan | France
66%
4Country flag with most blackLibya | Papua New Guinea | Angola
53%
5Closest to the Prime Meridian without lying on itNiger | Benin | Morocco | Andorra
51%
4Highest tax as a percentage of GDPLesotho | Denmark | France
46%
2Biggest chocolate consumption per capitaGermany
40%
3Densest road networkMonaco | Malta
38%
3Most exportations per capitaLiechtenstein | Singapore
27%

Score Distribution

Percentile by Number Answered

Percent of People with Each Score

Your Score History

You have not taken this quiz since the last reset